CONTEMPT (Record no. 27729)

MARC details
000 -LEADER
fixed length control field 00314nam a22001337a 4500
003 - CONTROL NUMBER IDENTIFIER
control field SGT
082 ## - DEWEY DECIMAL CLASSIFICATION NUMBER
Classification number 347.0125
Item number CHA
100 ## - MAIN ENTRY--PERSONAL NAME
Personal name CHAND TEK
245 ## - TITLE STATEMENT
Title CONTEMPT
Remainder of title THE LAW OF CONTEMPT OF COURT & LEGISLATURE
250 ## - EDITION STATEMENT
Edition statement 3
260 ## - PUBLICATION, DISTRIBUTION, ETC. (IMPRINT)
Place of publication, distribution, etc ALLAHABAD
Name of publisher, distributor, etc UNIVERSITY BOOK AGENCY
Year of Publication 1994
300 ## - PAGE DESCRIPTION
No. of Pages 614
942 ## - ADDED ENTRY ELEMENTS (KOHA)
Source of classification or shelving scheme Dewey Decimal Classification
Koha item type Books
Holdings
Withdrawn status Lost status Source of classification or shelving scheme Damaged status Not for loan Collection code Home library Current library Shelving location Date acquired Cost, normal purchase price SGTU Total Checkouts Full call number Accession No. (Barcode) Date last seen Bill Date Koha item type
    Dewey Decimal Classification     LAW SGT Science & Social Sciences Library SGT Science & Social Sciences Library Text Book 23/11/2024 375.00 SGTU   347.0125 CHA FL3513 23/11/2024 23/11/2024 Books